Revista Enciclopďica Tributaria Opciones Legales-Fiscales

Detalles Bibliográficos
Formato: Desconocido
Lenguaje:español
Publicado: Mx̌ico : Corporativo Reyes Mora Advisors
Materias:
Acceso en línea:Acceso restringido

MARC

LEADER 00000ny a22000003n 4500
005 20110513113159.0
008 071017c us mx pss 0 a0spa d
035 |a 4901 
040 |a BUS  |d vLex 
090 |c 1857  |d 1857 
245 3 0 |a Revista Enciclopďica Tributaria Opciones Legales-Fiscales  |h [Recurso electrn̤ico] 
256 |a Servicio en ln̕ea 
260 |a Mx̌ico :  |b Corporativo Reyes Mora Advisors  
310 |a Irregular 
506 1 |a Contenido solo disponible en los productos indicados  |d vLex Global  |d vLex Global (Academic Edition, excluding Law Schools)  |d vLex Global (U.S. Academic Edition, Law Schools)  |d vLex Global (U.S. Academic Edition, excluding Law Schools)  |d vLex Global (Academic Edition, Law Schools) 
650 0 4 |a Derecho fiscal  |x Publicaciones perid̤icas 
740 0 |a vLex Revista (Servicios en ln̕ea) 
843 |a Electrn̤ica. Abierta 
853 |8 1  |i (year)  |j (month)  |k (day) 
856 4 0 |u http://vlex.com/source/4901  |z Acceso restringido 
942 |c REV